00757nam a22002297a 450000500170000001000130001702000220003003500130005203700160006504000120008108200130009310000280010624500570013426000530019127000500024430000250029465000310031965000160035094200220036699900190038895201200040720170124105930.0 aA-791594 c00.00a8170247497 aA-791594 bCen Lib/Ret aDPLbEN a374bJET aJethithor, Bharat97939 aAdult education and extension /cby Bharat Jethithor aNew DelhibA. P. H. Publishing Corporationc1996 a5, Ansari Road, Darya GanjbNew Delhie110002 axxxi,489p.c21cm(Hb) aUniversity extension97940 aIndia97941 2ddccENh374mJET c123759d123759 00104070aLbLd2015-06-11eCen Lib/Retg0.00l0o374 JETpA-791594r2015-06-11 00:00:00t1v0.00w2016-09-15yEN